[Event "Budapest SixDays 08 IM"]
[Site "Budapest"]
[Date "2023.08.04"]
[Round "7"]
[White "Baski, Barnabas"]
[Black "Hoolt, Sarah"]
[Result "0-1"]
[WhiteElo "2196"]
[BlackElo "2285"]
[PlyCount "100"]
[EventDate "2023.07.31"]
[EventType "tourn"]
[EventRounds "9"]
[EventCountry "HUN"]
[SourceTitle "CBM 215 Extra"]
[Source "ChessBase"]
[SourceDate "2023.09.30"]
[SourceVersion "1"]
[SourceVersionDate "2023.09.30"]
[SourceQuality "1"]

1. d4 Nf6 2. Bf4 g6 3. Nf3 Bg7 4. e3 0-0 5. Be2 d6 6. h3 Nc6 7. 0-0 Nd7 8. Bh2 e5 9. c4 f5 10. Nc3 Kh8 11. Nd5 e4 12. Nd2 Ne7 13. Rc1 b6 14. Nxe7 Qxe7 15. b4 Rd8 16. b5 Bb7 17. Nb3 Nf6 18. a4 a5 19. bxa6 Rxa6 20. a5 bxa5 21. Qd2 Rda8 22. c5 a4 23. Qb4 R6a7 24. cxd6 cxd6 25. Bxd6 Qd8 26. Nd2 Nd5 27. Qa3 f4 28. Bc5 fxe3 29. fxe3 Ba6 30. Bc4 Rb7 31. Rb1 Rxb1 32. Rxb1 Bh6 33. Bxa6 Bxe3+ 34. Kh1 Bxd2 35. Bc4 Bf4 36. Rf1 g5 37. Ba2 e3 38. Qd3 Qd7 39. Qe4 Re8 40. Qxd5 Qxd5 41. Bxd5 e2 42. Re1 Bg3 43. Bb4 Bxe1 44. Bxe1 Rf8 45. Bf3 Rxf3 46. gxf3 a3 47. d5 a2 48. Bc3+ Kg8 49. d6 a1Q+ 50. Bxa1 e1Q+ 0-1

[Event "Budapest SixDays 08 IM"]
[Site "Budapest"]
[Date "2023.08.03"]
[Round "6"]
[White "Altschuler, Jason"]
[Black "Baski, Barnabas"]
[Result "1-0"]
[WhiteElo "2239"]
[BlackElo "2196"]
[PlyCount "137"]
[EventDate "2023.07.31"]
[EventType "tourn"]
[EventRounds "9"]
[EventCountry "HUN"]
[SourceTitle "CBM 215 Extra"]
[Source "ChessBase"]
[SourceDate "2023.09.30"]
[SourceVersion "1"]
[SourceVersionDate "2023.09.30"]
[SourceQuality "1"]

1. e4 e6 2. Qe2 c5 3. Nf3 Nc6 4. g3 g6 5. Bg2 Bg7 6. 0-0 Nge7 7. Re1 d6 8. d3 0-0 9. h4 e5 10. Nbd2 Bg4 11. c3 f5 12. Nf1 f4 13. N1h2 h5 14. Qc2 Qd7 15. Ng5 Kh8 16. f3 Be6 17. g4 Bf6 18. Nxe6 Qxe6 19. g5 Bg7 20. Nf1 b5 21. Nd2 Rfb8 22. a4 a6 23. Kh2 Nc8 24. Bh3 Qf7 25. axb5 axb5 26. Rxa8 Rxa8 27. Qb3 Qxb3 28. Nxb3 Nb6 29. Re2 Nd8 30. Kg1 Kg8 31. Kf2 Kf7 32. Ke1 c4 33. dxc4 bxc4 34. Nd2 Ra1 35. Kd1 Nc6 36. Bf1 Na5 37. Re1 Ke7 38. Kc2 Kd7 39. Rd1 Kc6 40. Be2 Bf8 41. Nf1 d5 42. Bd2 Rxd1 43. Bxd1 Bc5 44. Be1 Nb3 45. exd5+ Kxd5 46. Nd2 Nxd2 47. Kxd2 Be3+ 48. Ke2 Nc8 49. Bc2 Ne7 50. Be4+ Ke6 51. Bc2 Kd5 52. b4 cxb3 53. Bxb3+ Kc5 54. Bf7 Kd6 55. Kd3 Bg1 56. c4 Bh2 57. Bb4+ Kd7 58. Bxe7 Kxe7 59. Bxg6 Bg3 60. Bxh5 Bxh4 61. g6 Bf6 62. c5 Kd7 63. Kc4 Kc6 64. Bg4 Bg7 65. Bf5 Bf6 66. Be4+ Kc7 67. Kd5 Kd7 68. c6+ Kc7 69. Ke6 1-0

[Event "Budapest SixDays 01 IM-A"]
[Site "Budapest"]
[Date "2023.01.26"]
[Round "6"]
[White "Ihnat, Marek1111"]
[Black "Baski, Barnabas"]
[Result "1-0"]
[WhiteElo "2138"]
[BlackElo "2188"]
[PlyCount "81"]
[EventDate "2023.01.23"]
[EventType "tourn"]
[EventRounds "9"]
[EventCountry "HUN"]
[SourceTitle "CBM 212 Extra"]
[Source "ChessBase"]
[SourceDate "2023.03.31"]
[SourceVersion "1"]
[SourceVersionDate "2023.03.31"]
[SourceQuality "1"]

1. e4 e5 2. Nf3 Nc6 3. Bb5 a6 4. Ba4 Bc5 5. 0-0 Nge7 6. c3 Ng6 7. d4 Ba7 8. Bg5 f6 9. Be3 0-0 10. Re1 Kh8 11. Nbd2 d6 12. h3 Bd7 13. Nf1 Qe8 14. Bc2 Nf4 15. Ng3 g5 16. Qd2 h5 17. Rad1 h4 18. Nf5 Bxf5 19. exf5 Qh5 20. Nh2 exd4 21. cxd4 Nxd4 22. Bxd4 Bxd4 23. Qxd4 Ne2+ 24. Rxe2 Qxe2 25. Bb3 c5 26. Qg4 Qxg4 27. Nxg4 Rad8 28. Bd5 b5 29. Re1 Rd7 30. Re6 Kg7 31. Kf1 c4 32. Ke2 Rff7 33. Ke3 Rfe7 34. Nxf6 Rxe6+ 35. fxe6 Re7 36. Ne4 Kg6 37. Nxd6 Kf6 38. Ke4 Ra7 39. Nf5 Rc7 40. e7 Rc8 41. Bb7 1-0

[Event "Budapest SixDays 01 IM-A"]
[Site "Budapest"]
[Date "2023.01.25"]
[Round "4"]
[White "Ongut, Tamas Gunes"]
[Black "Baski, Barnabas"]
[Result "1-0"]
[WhiteElo "2340"]
[BlackElo "2188"]
[PlyCount "111"]
[EventDate "2023.01.23"]
[EventType "tourn"]
[EventRounds "9"]
[EventCountry "HUN"]
[SourceTitle "CBM 212 Extra"]
[Source "ChessBase"]
[SourceDate "2023.03.31"]
[SourceVersion "1"]
[SourceVersionDate "2023.03.31"]
[SourceQuality "1"]

1. d4 d5 2. c4 e6 3. Nc3 Nf6 4. Nf3 a6 5. cxd5 exd5 6. Bg5 Be6 7. e3 Nbd7 8. Bd3 Bd6 9. 0-0 c6 10. Qc2 Qc7 11. Bh4 h6 12. Bg3 0-0 13. Na4 Bxg3 14. hxg3 Rfe8 15. Rac1 Ne4 16. Bxe4 dxe4 17. Nd2 f5 18. Nc5 Nxc5 19. Qxc5 Qf7 20. b3 Rad8 21. Nc4 Bxc4 22. bxc4 g6 23. Rfd1 Rd7 24. Rd2 Red8 25. Rcd1 Kg7 26. a4 Qe7 27. Qb6 h5 28. d5 cxd5 29. Rxd5 Rxd5 30. cxd5 Rd6 31. Qc5 Qd7 32. a5 Kh7 33. Rd4 Qe7 34. Qb4 Rd7 35. d6 Qe6 36. Qc5 Kg7 37. Rd5 Kf7 38. f3 exf3 39. gxf3 Qf6 40. Rd4 Qe6 41. Rd2 Qf6 42. Qc8 Qd8 43. Qc4+ Kg7 44. Qe6 Qc8 45. Kg2 Qc6 46. e4 fxe4 47. fxe4 Rf7 48. Qe5+ Kh7 49. Qd5 Qd7 50. Rc2 Qe8 51. Qxf7+ Qxf7 52. Rc7 Kg8 53. Rxf7 Kxf7 54. g4 Ke6 55. e5 h4 56. g5 1-0

[Event "Budapest SixDays 01 IM-A"]
[Site "Budapest"]
[Date "2023.01.24"]
[Round "2"]
[White "Baski, Barnabas"]
[Black "Heimisson, Hilmir Freyr"]
[Result "0-1"]
[WhiteElo "2188"]
[BlackElo "2321"]
[PlyCount "118"]
[EventDate "2023.01.23"]
[EventType "tourn"]
[EventRounds "9"]
[EventCountry "HUN"]
[SourceTitle "CBM 212 Extra"]
[Source "ChessBase"]
[SourceDate "2023.03.31"]
[SourceVersion "1"]
[SourceVersionDate "2023.03.31"]
[SourceQuality "1"]

1. c4 e6 2. Nf3 d5 3. g3 d4 4. Bg2 c5 5. 0-0 Nc6 6. e3 Nf6 7. b3 Bd6 8. exd4 cxd4 9. Ba3 0-0 10. Re1 e5 11. d3 Re8 12. Bxd6 Qxd6 13. a3 a5 14. Nbd2 Bf5 15. Qc2 h6 16. Nh4 Bh7 17. c5 Qf8 18. Ne4 Bxe4 19. dxe4 d3 20. Qxd3 Qxc5 21. Rec1 Qb6 22. Nf5 Rad8 23. Qe3 Nd4 24. Nxd4 Rxd4 25. Rd1 Rxd1+ 26. Rxd1 Qxe3 27. fxe3 Rc8 28. Rd6 Rc1+ 29. Kf2 Rc2+ 30. Kf3 Rc3 31. Rb6 h5 32. h3 a4 33. bxa4 Rxa3 34. Rb4 Ra2 35. Bf1 Nh7 36. h4 Nf6 37. Bh3 g5 38. g4 hxg4+ 39. Bxg4 gxh4 40. Bf5 Kg7 41. Rxb7 Rxa4 42. Rb1 Nh5 43. Rh1 Ng3 44. Rxh4 Nxf5 45. Rg4+ Kf6 46. exf5 Ra3 47. Rb4 Kxf5 48. Rc4 f6 49. Rb4 Ra1 50. Rc4 Rf1+ 51. Ke2 Rh1 52. Ra4 Rh2+ 53. Kd3 Kg5 54. Ra5 Rf2 55. Ra8 Rb2 56. Kc3 Rb6 57. Kd3 Kg4 58. Rg8+ Kf3 59. Rg6 Rd6+ 0-1

[Event "HUN-chT U18"]
[Site "Budapest"]
[Date "2021.10.25"]
[Round "3.2"]
[White "Baski, Barnabas"]
[Black "Daroczi, Donat"]
[Result "0-1"]
[WhiteElo "2284"]
[BlackElo "2229"]
[PlyCount "104"]
[EventDate "2021.10.24"]
[EventType "team-tourn"]
[EventRounds "7"]
[EventCountry "HUN"]
[SourceTitle "CBM 205 Extra"]
[Source "ChessBase"]
[SourceDate "2022.01.31"]
[SourceVersion "1"]
[SourceVersionDate "2022.01.31"]
[SourceQuality "1"]

1. Nf3 d5 2. g3 c5 3. Bg2 Nc6 4. d4 cxd4 5. Nxd4 e5 6. Nxc6 bxc6 7. 0-0 Nf6 8. c4 Be6 9. Bg5 Rc8 10. Qa4 Qd7 11. Nc3 d4 12. Bxf6 gxf6 13. Rad1 Bd6 14. Ne4 Be7 15. e3 c5 16. Qxd7+ Kxd7 17. b3 Kc7 18. Nd2 f5 19. exd4 cxd4 20. Nf3 Bf6 21. Rfe1 Kd6 22. Nd2 h5 23. f4 e4 24. Bxe4 fxe4 25. Nxe4+ Ke7 26. Nxf6 Kxf6 27. Rxd4 h4 28. Kg2 a5 29. Rd6 hxg3 30. hxg3 a4 31. Re3 Rhd8 32. Red3 Rxd6 33. Rxd6 axb3 34. axb3 Rb8 35. Rd3 Bf5 36. Rc3 Bg4 37. Kf2 Bd1 38. Rd3 Bxb3 39. c5 Ke6 40. Rd6+ Ke7 41. Ke3 Be6 42. Rb6 Rg8 43. Kf2 Rc8 44. Rb5 Kd7 45. f5 Kc6 46. Rb6+ Kxc5 47. Rb7 Bd5 48. Ra7 Kd4 49. g4 Rc3 50. Ra4+ Ke5 51. Rb4 Rf3+ 52. Ke2 Rf4 0-1

[Event "HUN-chT U18"]
[Site "Budapest"]
[Date "2021.10.24"]
[Round "1.19"]
[White "Demeter, Dorina"]
[Black "Baski, Barnabas"]
[Result "0-1"]
[WhiteElo "2050"]
[BlackElo "2284"]
[PlyCount "96"]
[EventDate "2021.10.24"]
[EventType "team-tourn"]
[EventRounds "7"]
[EventCountry "HUN"]
[SourceTitle "CBM 205 Extra"]
[Source "ChessBase"]
[SourceDate "2022.01.31"]
[SourceVersion "1"]
[SourceVersionDate "2022.01.31"]
[SourceQuality "1"]

1. Nf3 Nf6 2. c4 b6 3. g3 Bb7 4. Bg2 e6 5. 0-0 Be7 6. Nc3 0-0 7. Re1 d5 8. cxd5 Nxd5 9. e4 Nxc3 10. bxc3 c5 11. d4 cxd4 12. cxd4 Nd7 13. Qb3 Nf6 14. Qd3 Rc8 15. Bg5 Qd7 16. Ne5 Qa4 17. Ng4 Qc2 18. Qf3 Qc3 19. Qxc3 Rxc3 20. e5 Nxg4 21. Bxe7 Re8 22. Bxb7 Rxe7 23. Rac1 Rxc1 24. Rxc1 h5 25. Rc8+ Kh7 26. Be4+ g6 27. h3 Nh6 28. Rd8 Kg7 29. d5 exd5 30. Rxd5 Ng8 31. f4 Rc7 32. Rd6 Ne7 33. e6 f5 34. Rd7 Rc1+ 35. Kf2 Kf6 36. Bd3 a5 37. Rd6 Rc6 38. Rxc6 Nxc6 39. Bc4 Nd4 40. g4 hxg4 41. hxg4 fxg4 42. Bd3 Nxe6 43. Kg3 Nc5 44. Bc2 b5 45. a3 b4 46. axb4 axb4 47. Kxg4 b3 48. Bb1 Na4 0-1

[Event "HUN-ch U18"]
[Site "Eger"]
[Date "2021.08.27"]
[Round "7"]
[White "Palczert, Matyas"]
[Black "Baski, Barnabas"]
[Result "1/2-1/2"]
[WhiteElo "2195"]
[BlackElo "2226"]
[PlyCount "106"]
[EventDate "2021.08.20"]
[EventType "swiss"]
[EventRounds "7"]
[EventCountry "HUN"]
[SourceTitle "EXT 2022"]
[Source "ChessBase"]
[SourceDate "2021.10.06"]
[SourceVersion "1"]
[SourceVersionDate "2021.10.06"]
[SourceQuality "1"]

1. e4 e6 2. d4 d5 3. Nc3 Bb4 4. e5 Ne7 5. Bd2 b6 6. h4 Ba6 7. Bxa6 Nxa6 8. Nce2 Bxd2+ 9. Qxd2 h6 10. h5 c5 11. c3 Nb8 12. Nf3 Nbc6 13. 0-0 Qc7 14. Rac1 c4 15. Nh4 0-0-0 16. b3 Na5 17. b4 Nac6 18. b5 Na5 19. Qf4 Rdf8 20. Qg4 Rhg8 21. f4 f5 22. Qf3 Qd7 23. Rb1 g5 24. hxg6 Nxg6 25. Nxg6 Rxg6 26. Ng3 Rfg8 27. Nh5 Qf7 28. Rf2 Rg4 29. Qh3 R8g6 30. g3 Qe7 31. Kh2 Nb7 32. Rb4 Nd8 33. Rf3 Nf7 34. Rb2 Qf8 35. Re2 Qh8 36. Kg2 Qd8 37. Kf2 Qe7 38. Rfe3 Qf8 39. Nf6 h5 40. Nxg4 hxg4 41. Qg2 Qa3 42. Qf1 Rh6 43. Kg2 Rh3 44. Kg1 Kb7 45. Qe1 Nd8 46. Qd1 a6 47. bxa6+ Kxa6 48. Qc2 Nc6 49. Qd2 b5 50. Rh2 Rxh2 51. Kxh2 b4 52. cxb4 Qxb4 53. Qc2 Nxd4 1/2-1/2

[Event "HUN-ch U18"]
[Site "Eger"]
[Date "2021.08.25"]
[Round "4"]
[White "Geher, Koppany"]
[Black "Baski, Barnabas"]
[Result "1-0"]
[WhiteElo "2259"]
[BlackElo "2226"]
[PlyCount "105"]
[EventDate "2021.08.20"]
[EventType "swiss"]
[EventRounds "7"]
[EventCountry "HUN"]
[SourceTitle "EXT 2022"]
[Source "ChessBase"]
[SourceDate "2021.10.06"]
[SourceVersion "1"]
[SourceVersionDate "2021.10.06"]
[SourceQuality "1"]

1. e4 e6 2. d4 d5 3. Nd2 c5 4. exd5 exd5 5. Ngf3 Nf6 6. Bb5+ Bd7 7. Bxd7+ Nbxd7 8. 0-0 Be7 9. dxc5 Nxc5 10. Nb3 Nce4 11. Nfd4 Qd7 12. Be3 0-0 13. f3 Nd6 14. Nc5 Qc8 15. Nd3 Bd8 16. c3 Bb6 17. Re1 Re8 18. Bf2 Qd7 19. Qd2 Rxe1+ 20. Rxe1 Re8 21. Rxe8+ Qxe8 22. Qe2 Qxe2 23. Nxe2 Bxf2+ 24. Kxf2 g5 25. Nd4 Kf8 26. a4 Ke7 27. b3 Nfe8 28. Nb4 Nc7 29. Ke3 a5 30. Nbc2 Ne6 31. g3 Kd7 32. Kd3 Nc5+ 33. Kd2 Ne8 34. Ne3 Nf6 35. c4 Kd6 36. cxd5 b6 37. Nb5+ Ke5 38. Nc4+ Kxd5 39. Nxb6+ Kc6 40. Nc4 Nxb3+ 41. Kc3 Nc5 42. Nxa5+ Kb6 43. Nc4+ Ka6 44. Nbd6 g4 45. f4 Nxa4+ 46. Kd4 Nd7 47. Nxf7 Kb5 48. Nce5 Nf6 49. Nh6 Nc5 50. Nexg4 Nxg4 51. Nxg4 Kc6 52. Nf6 h6 53. Ke5 1-0

[Event "HUN-ch U18"]
[Site "Eger"]
[Date "2021.08.24"]
[Round "3"]
[White "Baski, Barnabas"]
[Black "Ongut, Tamas Gunes"]
[Result "1-0"]
[WhiteElo "2226"]
[BlackElo "2352"]
[PlyCount "77"]
[EventDate "2021.08.20"]
[EventType "swiss"]
[EventRounds "7"]
[EventCountry "HUN"]
[SourceTitle "EXT 2022"]
[Source "ChessBase"]
[SourceDate "2021.10.06"]
[SourceVersion "1"]
[SourceVersionDate "2021.10.06"]
[SourceQuality "1"]

1. Nf3 d6 2. d4 Nf6 3. g3 Nbd7 4. Bg2 e5 5. c4 c6 6. dxe5 dxe5 7. Nc3 Bc5 8. e3 0-0 9. 0-0 Re8 10. Qc2 a5 11. b3 Nf8 12. Bb2 Ng6 13. Rad1 Qe7 14. h3 h6 15. Nd2 Ba3 16. Bxa3 Qxa3 17. Nde4 Nxe4 18. Nxe4 Be6 19. Nd6 Re7 20. Rd2 a4 21. Rfd1 axb3 22. axb3 Qb4 23. Kh2 Rd7 24. Be4 Nf8 25. Rd3 Rad8 26. c5 g6 27. g4 b6 28. Bxc6 Rc7 29. cxb6 Qxb6 30. Nc4 Bxc4 31. Rxd8 Bb5 32. Qb2 Rxc6 33. Qxe5 Qc7 34. Qxc7 Rxc7 35. Rb8 Bd7 36. b4 Kg7 37. b5 Rc5 38. b6 Ba4 39. b7 1-0

[Event "Tapolca Olympic Hopes"]
[Site "Tapolca"]
[Date "2021.06.25"]
[Round "3"]
[White "Baski, Barnabas"]
[Black "Ongut, Tamas Gunes"]
[Result "0-1"]
[WhiteElo "2212"]
[BlackElo "2297"]
[PlyCount "142"]
[EventDate "2021.06.24"]
[EventType "swiss"]
[EventRounds "7"]
[EventCountry "HUN"]
[SourceTitle "CBM 203 Extra"]
[Source "ChessBase"]
[SourceDate "2021.09.30"]
[SourceVersion "1"]
[SourceVersionDate "2021.09.30"]
[SourceQuality "1"]

1. Nf3 g6 2. g3 Bg7 3. d4 c5 4. c3 Na6 5. Bg2 Nf6 6. 0-0 0-0 7. dxc5 Nxc5 8. Be3 d6 9. h3 Qc7 10. Nbd2 Bd7 11. Nd4 e5 12. N4b3 Na4 13. Qc1 Bc6 14. Bxc6 Qxc6 15. Bg5 d5 16. Qc2 Qe6 17. Kh2 Nd7 18. e4 dxe4 19. Qxe4 Nxb2 20. Rab1 f5 21. Qxb7 Nd3 22. Qb5 e4 23. Nd4 Qf7 24. Nc6 h6 25. Be3 Kh7 26. Bd4 Nf6 27. Nc4 a6 28. Qb3 f4 29. N4e5 Nxe5 30. Nxe5 Qxb3 31. Rxb3 e3 32. fxe3 fxg3+ 33. Kg2 Nh5 34. Rb7 Rab8 35. Rxg7+ Nxg7 36. Rxf8 Rxf8 37. Kxg3 Nf5+ 38. Kg2 Nh4+ 39. Kg3 g5 40. e4 Rf4 41. Nd7 Kg6 42. Ne5+ Kh7 43. Nd7 h5 44. a4 Kh6 45. Nc5 Rf3+ 46. Kh2 g4 47. hxg4 hxg4 48. Ne6 Kh5 49. Ng7+ Kg6 50. Ne6 Kh5 51. Ng7+ Kh6 52. Ne6 Rh3+ 53. Kg1 Nf3+ 54. Kg2 Nxd4 55. cxd4 Re3 56. e5 Kg6 57. Nc5 a5 58. e6 Kf5 59. d5 Ke5 60. Kf2 Rf3+ 61. Ke2 Kd6 62. Ne4+ Ke7 63. d6+ Ke8 64. Nc5 Rf6 65. d7+ Ke7 66. Nb7 Rxe6+ 67. Kf2 Rf6+ 68. Kg3 Kxd7 69. Kxg4 Rb6 70. Nc5+ Kc6 71. Nd3 Rb4+ 0-1

[Event "Hello Sakk Cup Tal"]
[Site "Tornelo INT"]
[Date "2021.03.21"]
[Round "6"]
[White "Baski, Barnabas"]
[Black "Palczert, Matyas"]
[Result "0-1"]
[WhiteElo "2212"]
[BlackElo "2186"]
[PlyCount "104"]
[EventDate "2021.03.20"]
[EventType "tourn (rapid)"]
[EventRounds "7"]
[EventCountry "HUN"]
[SourceTitle "CBM 201 Extra"]
[Source "ChessBase"]
[SourceDate "2021.05.31"]
[SourceVersion "1"]
[SourceVersionDate "2021.05.31"]
[SourceQuality "1"]

1. Nf3 d5 2. g3 Nd7 3. d4 Nb6 4. Bg2 Bf5 5. 0-0 e6 6. b3 Be7 7. Bb2 Nf6 8. Ne5 0-0 9. c4 c6 10. Nc3 Nbd7 11. Nxd7 Qxd7 12. Rc1 Rfd8 13. cxd5 exd5 14. e3 a5 15. Na4 Qc7 16. Nc5 Nd7 17. f3 Nxc5 18. dxc5 b6 19. Qd4 Bf6 20. cxb6 Qb7 21. Qd2 Bxb2 22. Qxb2 Qxb6 23. Qd4 Qxd4 24. exd4 Bd7 25. Rc3 Rdb8 26. Re1 Kf8 27. a3 Ra7 28. Kf2 Rab7 29. Ree3 Rb6 30. Bf1 Be6 31. Be2 Ke7 32. Bd1 Kd6 33. g4 Rb5 34. Bc2 c5 35. dxc5+ Rxc5 36. Rxc5 Kxc5 37. Rc3+ Kd4 38. Rd3+ Ke5 39. Ke3 g5 40. Rd4 Rc8 41. Bxh7 Rc3+ 42. Rd3 d4+ 43. Kd2 Rxd3+ 44. Kxd3 Bxb3 45. Be4 f6 46. Bc6 Bd5 47. Bxd5 Kxd5 48. f4 gxf4 49. h4 f3 50. h5 Ke6 51. Kd2 Kf7 52. Ke1 d3 0-1

[Event "Hello Sakk Cup Tal"]
[Site "Tornelo INT"]
[Date "2021.03.21"]
[Round "7"]
[White "Borhy, Marcell Boldizsar"]
[Black "Baski, Barnabas"]
[Result "0-1"]
[WhiteElo "2403"]
[BlackElo "2212"]
[PlyCount "132"]
[EventDate "2021.03.20"]
[EventType "tourn (rapid)"]
[EventRounds "7"]
[EventCountry "HUN"]
[SourceTitle "CBM 201 Extra"]
[Source "ChessBase"]
[SourceDate "2021.05.31"]
[SourceVersion "1"]
[SourceVersionDate "2021.05.31"]
[SourceQuality "1"]

1. d4 Nf6 2. c4 e6 3. g3 Bb4+ 4. Bd2 Bxd2+ 5. Qxd2 0-0 6. Bg2 d5 7. Nf3 Nbd7 8. 0-0 c6 9. b3 b6 10. Nc3 Bb7 11. Rfd1 Qe7 12. Rac1 Rac8 13. Qf4 Nh5 14. Qd2 Nhf6 15. Ne1 Rfd8 16. Nd3 Ba6 17. cxd5 cxd5 18. e3 Rc7 19. a4 Bxd3 20. Qxd3 Rdc8 21. Ne2 Qb4 22. Bf1 Ne4 23. f3 Nc3 24. Nxc3 Rxc3 25. Qb1 Rxc1 26. Rxc1 Rxc1 27. Qxc1 Qxb3 28. Bb5 Nf8 29. Qd2 a6 30. Bxa6 Qxa4 31. Qd3 g6 32. Bb5 Qa1+ 33. Kg2 Qb2+ 34. Kh3 h6 35. g4 Qf2 36. Qe2 Qxe2 37. Bxe2 Kg7 38. Bb5 Kf6 39. Kg3 g5 40. h4 Ke7 41. hxg5 hxg5 42. f4 f6 43. Kf3 Kd6 44. fxg5 fxg5 45. e4 dxe4+ 46. Kxe4 Ng6 47. Bc4 Nf4 48. Bb5 Nd5 49. Kd3 Nf6 50. Ke3 Nxg4+ 51. Kf3 Nf6 52. Bc4 e5 53. dxe5+ Kxe5 54. Ke3 g4 55. Be2 Nd5+ 56. Kf2 Kf4 57. Bb5 Nc3 58. Bc4 b5 59. Bb3 b4 60. Kg2 Ne4 61. Bc2 Nd2 62. Kf2 b3 63. Bh7 b2 64. Bc2 b1Q 65. Bxb1 Nxb1 66. Kg2 Nc3 0-1

[Event "Hello Sakk Cup Tal"]
[Site "Tornelo INT"]
[Date "2021.03.20"]
[Round "1"]
[White "Baski, Barnabas"]
[Black "Persanyi, Barnabas"]
[Result "0-1"]
[WhiteElo "2212"]
[BlackElo "2364"]
[PlyCount "70"]
[EventDate "2021.03.20"]
[EventType "tourn (rapid)"]
[EventRounds "7"]
[EventCountry "HUN"]
[SourceTitle "CBM 201 Extra"]
[Source "ChessBase"]
[SourceDate "2021.05.31"]
[SourceVersion "1"]
[SourceVersionDate "2021.05.31"]
[SourceQuality "1"]

1. c4 b6 2. Nf3 Bb7 3. g3 Bxf3 4. exf3 c5 5. Bg2 g6 6. d4 cxd4 7. Qxd4 Nf6 8. Nc3 Nc6 9. Qd2 Bg7 10. 0-0 0-0 11. f4 Rc8 12. b3 d5 13. cxd5 Nxd5 14. Qxd5 Bxc3 15. Rb1 Qxd5 16. Bxd5 Rfd8 17. Bxc6 Rxc6 18. Ba3 Kf8 19. Rfd1 Rxd1+ 20. Rxd1 Bf6 21. Rd2 Ke8 22. Kg2 b5 23. Bb2 Bxb2 24. Rxb2 a5 25. Kf3 Rc1 26. Ke3 Kd7 27. Rd2+ Kc6 28. Kd3 Ra1 29. Kd4 Rc1 30. Kd3 Kd5 31. Ke3+ Kc5 32. Rd7 Ra1 33. a4 bxa4 34. bxa4 Kb4 35. Rxe7 Re1+ 0-1

[Event "Hello Sakk Cup Tal"]
[Site "Tornelo INT"]
[Date "2021.03.20"]
[Round "4"]
[White "Gombocz, Ferenc Jr"]
[Black "Baski, Barnabas"]
[Result "1-0"]
[WhiteElo "2280"]
[BlackElo "2212"]
[PlyCount "89"]
[EventDate "2021.03.20"]
[EventType "tourn (rapid)"]
[EventRounds "7"]
[EventCountry "HUN"]
[SourceTitle "CBM 201 Extra"]
[Source "ChessBase"]
[SourceDate "2021.05.31"]
[SourceVersion "1"]
[SourceVersionDate "2021.05.31"]
[SourceQuality "1"]

1. c4 c5 2. g3 Nc6 3. Bg2 g6 4. Nc3 Bg7 5. Nf3 e5 6. d3 d6 7. Bd2 Nge7 8. 0-0 0-0 9. a3 a5 10. Rb1 Rb8 11. Qa4 h6 12. Rfc1 Be6 13. Qd1 f5 14. Ne1 g5 15. Nd5 Qd7 16. b4 axb4 17. axb4 b6 18. e3 f4 19. bxc5 bxc5 20. Nxe7+ Nxe7 21. Rxb8 Rxb8 22. exf4 exf4 23. gxf4 Rf8 24. fxg5 Bg4 25. f3 Bd4+ 26. Kh1 Bh5 27. Nc2 Be5 28. Ne3 hxg5 29. Ng4 Bf4 30. Bxf4 Rxf4 31. Qe2 Nc6 32. Qe3 Bxg4 33. fxg4 Ne5 34. h3 Kg7 35. Rb1 Kf6 36. Kg1 Qh7 37. Rb6 Qc7 38. Ra6 Qe7 39. Qxc5 Nf3+ 40. Bxf3 Qe1+ 41. Kg2 Rxf3 42. Qxd6+ Kg7 43. Qg6+ Kf8 44. Ra8+ Ke7 45. Re8+ 1-0

[Event "Hello Sakk Cup Botvinnik"]
[Site "Tornelo INT"]
[Date "2021.02.27"]
[Round "6"]
[White "Koltai, Dora"]
[Black "Baski, Barnabas"]
[Result "0-1"]
[WhiteElo "1924"]
[BlackElo "2212"]
[PlyCount "152"]
[EventDate "2021.02.20"]
[EventType "tourn (rapid)"]
[EventRounds "7"]
[EventCountry "HUN"]
[SourceTitle "CBM 200 Extra"]
[Source "ChessBase"]
[SourceDate "2021.03.31"]
[SourceVersion "1"]
[SourceVersionDate "2021.03.31"]
[SourceQuality "1"]

1. e4 e6 2. d4 d5 3. Nd2 c5 4. exd5 Qxd5 5. dxc5 Bxc5 6. Ngf3 Nf6 7. Bc4 Qc6 8. Qe2 0-0 9. 0-0 a6 10. a3 b5 11. Bd3 Bb7 12. Re1 Nbd7 13. Nb3 Bb6 14. Be3 Rac8 15. Rad1 Rfd8 16. Nbd4 Qc7 17. c3 Nc5 18. Bg5 Nxd3 19. Rxd3 Bd5 20. Bxf6 gxf6 21. Nh4 Qf4 22. Rg3+ Kh8 23. Rg4 Qh6 24. Nhf3 Rg8 25. Rg3 Bc7 26. Rxg8+ Rxg8 27. g3 Qg6 28. Nc2 Bxf3 29. Qxf3 Qxc2 30. Qxf6+ Rg7 31. Qd4 Qf5 32. Qd7 Qc5 33. Qe8+ Rg8 34. Qxf7 Be5 35. Qxe6 Bg7 36. Qe2 Rf8 37. Rf1 Qc4 38. Qc2 a5 39. Qd2 a4 40. Qg5 Qf7 41. Qxb5 Qb3 42. Qxb3 axb3 43. c4 Rc8 44. Rc1 Bxb2 45. Rb1 Bxa3 46. Rxb3 Bf8 47. Rc3 Bc5 48. Kf1 Rf8 49. f4 Kg7 50. Ke2 Rd8 51. Rd3 Ra8 52. Rd7+ Kg6 53. Rd2 Ra4 54. Rc2 Ra3 55. Rc1 Ra2+ 56. Kd3 Rxh2 57. Ke4 Rd2 58. Ra1 Rd4+ 59. Ke5 Rxc4 60. Ra6+ Kg7 61. Kd5 Rc1 62. Rc6 Be3 63. Rxc1 Bxc1 64. Ke4 Kf6 65. g4 Kg6 66. Kf3 Kf6 67. Kg3 h6 68. Kh4 Bxf4 69. Kh5 Ke5 70. Kh4 Ke4 71. Kh3 Kf3 72. Kh4 Kg2 73. Kh5 Kg3 74. Kg6 Kxg4 75. Kf6 h5 76. Ke6 h4 0-1

[Event "Hello Sakk Cup Botvinnik"]
[Site "Tornelo INT"]
[Date "2021.02.20"]
[Round "3"]
[White "Baski, Barnabas"]
[Black "Krstulovic, Alex"]
[Result "1-0"]
[WhiteElo "2212"]
[BlackElo "2387"]
[PlyCount "77"]
[EventDate "2021.02.20"]
[EventType "tourn (rapid)"]
[EventRounds "7"]
[EventCountry "HUN"]
[SourceTitle "CBM 200 Extra"]
[Source "ChessBase"]
[SourceDate "2021.03.31"]
[SourceVersion "1"]
[SourceVersionDate "2021.03.31"]
[SourceQuality "1"]

1. Nf3 d5 2. g3 Nc6 3. d4 Bf5 4. Bg2 e6 5. 0-0 Nb4 6. Na3 Be7 7. c3 Nc6 8. Bf4 g5 9. Bc1 Be4 10. Nd2 Bxg2 11. Kxg2 Nf6 12. Qb3 Qd7 13. Nf3 Ne4 14. Qxb7 Rb8 15. Qa6 f6 16. Qd3 h5 17. Nd2 f5 18. e3 Nxd2 19. Qxd2 Bxa3 20. bxa3 Na5 21. e4 f4 22. Qe2 dxe4 23. Qxe4 Qd5 24. Re1 0-0 25. Qxd5 exd5 26. Re5 f3+ 27. Kg1 Rbe8 28. Rxg5+ Kf7 29. Be3 Nc4 30. Re1 Nxa3 31. Rxd5 Nc2 32. Rf5+ Kg7 33. Rxf8 Rxf8 34. Rc1 Na3 35. c4 Rb8 36. d5 Kf6 37. h3 Ke5 38. Bf4+ Kd4 39. Bxc7 1-0

[Event "HUN-ch U16"]
[Site "Budapest"]
[Date "2020.10.25"]
[Round "3"]
[White "Baski, Barnabas"]
[Black "Koszta, Benedek"]
[Result "1-0"]
[WhiteElo "2166"]
[BlackElo "2137"]
[PlyCount "51"]
[EventDate "2020.10.24"]
[EventType "tourn"]
[EventRounds "9"]
[EventCountry "HUN"]
[SourceTitle "CBM 199 Extra"]
[Source "ChessBase"]
[SourceDate "2021.01.31"]
[SourceVersion "1"]
[SourceVersionDate "2021.01.31"]
[SourceQuality "1"]

1. d4 Nf6 2. Nf3 g6 3. g3 Bg7 4. Bg2 0-0 5. 0-0 d6 6. b3 a6 7. Bb2 Nc6 8. c4 Bd7 9. d5 Nb8 10. Nbd2 c5 11. Re1 Bg4 12. Qc2 Nbd7 13. e4 Bxf3 14. Nxf3 Nh5 15. e5 f5 16. Ng5 Bxe5 17. Ne6 Qe8 18. Nxf8 Qxf8 19. f4 Bxb2 20. Qxb2 Re8 21. Re3 Ng7 22. Rae1 Qf7 23. h3 a5 24. Qa3 b6 25. Qa4 Nf6 26. Qc6 1-0